000 00771cam a22002651 4500
999 _c8152
_d8152
001 8152
003 BD-JhCC
005 20180709120239.0
008 730208s1965 nyua b 000 0 eng
035 _a(BD-JhCC)8152
040 _aDLC
_cDLC
_dDLC
_dBD-JhCC
041 _aeng
050 0 0 _aQC175
_b.R43
082 0 0 _a530.13
_bREI 1965
100 1 _aReif, F.
_q(Frederick),
_d1927-
245 1 0 _aFundamentals of statistical and thermal physics /
_c[by] F. Reif.
260 _aNew York,
_bMcGraw-Hill
_c[1965]
300 _ax, 651 p.
_billus.
_c23 cm.
490 0 _aMcGraw-Hill series in fundamentals of physics
504 _aBibliography: p. 631-635.
650 0 _aStatistical mechanics.
650 0 _aStatistical thermodynamics.
942 _2ddc
_cBK